The Gospel of St Mark / (Record no. 31267)
[ view plain ]
| 000 -LEADER | |
|---|---|
| fixed length control field | 00816cam a2200277 a 4500 |
| 001 - CONTROL NUMBER | |
| control field | 31267 |
| 003 - CONTROL NUMBER IDENTIFIER | |
| rucl marc code | UkOxU |
| 005 - DATE AND TIME OF LATEST TRANSACTION | |
| control field | 20211209051659.0 |
| 008 - FIXED-LENGTH DATA ELEMENTS--GENERAL INFORMATION | |
| fixed length control field | 930820s1963 enk 000 0 eng d |
| 020 ## - INTERNATIONAL STANDARD BOOK NUMBER | |
| International Standard Book Number | 014020489X (pbk.) |
| 035 ## - SYSTEM CONTROL NUMBER | |
| System control number | CURL 0500B6319309(Lon) from rjc604 |
| System control number | (OCoLC)219917127 |
| 040 ## - CATALOGING SOURCE | |
| Original cataloging agency | BD-RjUL |
| Language of cataloging | eng |
| Transcribing agency | BD-RjUL |
| 041 ## - LANGUAGE CODE | |
| Language code of text/sound track or separate title | eng |
| 082 ## - DEWEY DECIMAL CLASSIFICATION NUMBER | |
| Classification number | 226.3 |
| Author mark and year | NIG 1963 |
| 100 1# - MAIN ENTRY--PERSONAL NAME | |
| Personal name | Nineham, D. E. |
| Fuller form of name | (Dennis Eric), |
| Dates associated with a name | 1921- |
| 9 (RLIN) | 95150 |
| 245 14 - TITLE STATEMENT | |
| Title | The Gospel of St Mark / |
| Statement of responsibility, etc. | D.E. Nineham. |
| 246 14 - VARYING FORM OF TITLE | |
| Title proper/short title | Saint Mark |
| 260 ## - PUBLICATION, DISTRIBUTION, ETC. (IMPRINT) | |
| Place of publication, distribution, etc. | Harmondsworth : |
| Name of publisher, distributor, etc. | Penguin, |
| Date of publication, distribution, etc. | 1963. |
| 300 ## - PHYSICAL DESCRIPTION | |
| Pagination | 477 p. ; |
| Size | 19 cm. |
| 490 1# - SERIES STATEMENT | |
| Series statement | Pelican New Testament commentaries |
| 500 ## - GENERAL NOTE | |
| General note | Cover title: Saint Mark. |
| 830 #0 - SERIES ADDED ENTRY--UNIFORM TITLE | |
| Uniform title | Pelican New Testament commentaries. |
| 942 ## - ADDED ENTRY ELEMENTS (KOHA) | |
| Source of classification or shelving scheme | Dewey Decimal Classification |
| Koha item type | Books |
| Lost status | Source of classification or shelving scheme | Damaged status | Not for loan | Collection code | Permanent Location | Current Location | Shelving location | Date acquired | Source of acquisition | Total Checkouts | Full call number | Date last seen | Copy number | Koha item type |
|---|---|---|---|---|---|---|---|---|---|---|---|---|---|---|
| Dewey Decimal Classification | Not For Loan | Non-fiction | Central Library, University of Rajshahi | Central Library, University of Rajshahi | Reading Room | 02/11/1990 | Shawket Osman | 226.3 NIG 1963 | 15/04/2014 | C-1 | Books |